| 000 | 00856cam a22002891 4500 | ||
|---|---|---|---|
| 001 | 29834 | ||
| 003 | BD-RjUL | ||
| 005 | 20211209051453.0 | ||
| 008 | 140407r19501944nyu 001 0 eng | ||
| 035 | _a(BD-RjUL)29919 | ||
| 035 | _a(OCoLC)784014 | ||
| 040 |
_aDLC _cOClU _dBD-RjUL _beng |
||
| 041 | _aeng | ||
| 082 | 0 | 0 |
_a136.76 _bBAI 1950 |
| 100 | 1 |
_aBaker, Harry J. _q(Harry Jay), _d1889- _990792 |
|
| 245 | 1 | 0 |
_aIntroduction to exceptional children / _cHarry J. Baker. |
| 260 |
_aNew York : _bMacmillan, _cc1944 [Reprinted 1950]. |
||
| 300 |
_axiv, 496 p. : _bill. ; _c22 cm. |
||
| 504 | _aIncludes bibliographies and index. | ||
| 650 | 0 |
_aGifted children. _945563 |
|
| 650 | 0 |
_aEducation. _990793 |
|
| 650 | 0 |
_aChild development. _990794 |
|
| 740 | 0 | _aExceptional children. | |
| 942 |
_2ddc _cBK |
||
| 999 |
_c29834 _d29834 |
||